000 00836nam a2200229Ia 4500
003 GCL
008 140319s9999 xx 000 0 ara d
020 _a7585030977
040 _aGCL /
_cGCL
082 0 4 _a344.0327
_bف م
100 1 _aفاطمة شحاته احمد زيدان
245 1 0 _aمركز الطفل فى القانون الدولى العام /
_cفاطمة شحاته احمد زيدان
250 _aالاولى
260 _aالقاهرة :
_bفاطمة شحاتة احمد زيدان ،
_c2004
300 _a471 ص ؛
_c32 سم
650 0 4 _aالاتفاقيات الدولية
650 0 4 _aالاطفال - قوانين وتشريعات
650 0 4 _aالاطفال - تشغيل
650 0 4 _aالاطفال - حقوق مدنية
650 0 4 _aالاطفال - عناية صحية
942 _2ddc
_cBK
999 _c57894
_d57894